Fr. Conceicao Rodrigues College of Engineering

Arc Welding In Design Manufacture & Construction (Record no. 30400)

MARC details
000 -LEADER
fixed length control field 00315nam a2200133Ia 4500
082 ## - DEWEY DECIMAL CLASSIFICATION NUMBER
Classification number 671.5
100 ## - MAIN ENTRY--PERSONAL NAME
Personal name Wendt/H.C
245 ## - TITLE STATEMENT
Title Arc Welding In Design Manufacture & Construction
260 ## - PUBLICATION, DISTRIBUTION, ETC.
Name of publisher, distributor, etc. James Lincoln
Place of publication, distribution, etc. Cleveland
Date of publication, distribution, etc. 1944
300 ## - PHYSICAL DESCRIPTION
Extent 1409
546 ## - LANGUAGE NOTE
Language note ENGLISH
654 ## - SUBJECT ADDED ENTRY--FACETED TOPICAL TERMS
Focus term Design Manufacture
942 ## - ADDED ENTRY ELEMENTS (KOHA)
Koha item type BOOK
Holdings
Withdrawn status Lost status Damaged status Not for loan Collection Home library Current library Date acquired Cost, normal purchase price Total Checkouts Full call number Barcode Date last seen Cost, replacement price Price effective from Koha item type
        AFT Fr. Agnel's C.Rodrigues College of Engineering Fr. Agnel's C.Rodrigues College of Engineering 17/03/2023 15.00   671.5 AFT1270 17/03/2023 15.00 17/03/2023 BOOK